[Event "HUN-chT2 Barcza 1011"]
[Site "Hungary"]
[Date "2010.09.12"]
[Round "1.1"]
[White "Eberth, Zoltan"]
[Black "Felegyhazi, Laszlo"]
[Result "1/2-1/2"]
[WhiteElo "2198"]
[BlackElo "2306"]
[PlyCount "31"]
[EventDate "2010.09.12"]
[EventType "team-tourn"]
[EventRounds "11"]
[EventCountry "HUN"]
[SourceTitle "EXT 2012"]
[Source "ChessBase"]
[SourceDate "2011.11.24"]
[SourceVersion "1"]
[SourceVersionDate "2011.11.24"]
[SourceQuality "1"]
[WhiteTeam "Mezokovesd"]
[BlackTeam "Debrecen Betu"]
[WhiteTeamCountry "HUN"]
[BlackTeamCountry "HUN"]

1. e4 c5 2. Nf3 d6 3. d4 cxd4 4. Qxd4 a6 5. c4 Nc6 6. Qe3 g6 7. Be2 Bg7 8. Nc3 Nf6 9. h3 0-0 10. 0-0 Rb8 11. Rd1 Bd7 12. Bd2 Bc8 13. Bc1 Bd7 14. Bd2 Bc8 15. Bc1 Bd7 16. Bd2 1/2-1/2

[Event "HUN-chT2 Barcza 0910"]
[Site "Hungary"]
[Date "2009.11.22"]
[Round "2.1"]
[White "Felegyhazi, Laszlo"]
[Black "Korpas, Zoltan"]
[Result "1-0"]
[WhiteElo "2306"]
[BlackElo "2161"]
[PlyCount "114"]
[EventDate "2009.11.08"]
[EventType "team-tourn"]
[EventRounds "11"]
[EventCountry "HUN"]
[SourceTitle "EXT 2011"]
[Source "ChessBase"]
[SourceDate "2010.11.26"]
[SourceVersion "1"]
[SourceVersionDate "2010.11.26"]
[SourceQuality "1"]
[WhiteTeam "Debrecen Betu"]
[BlackTeam "Tiszavasvar"]
[WhiteTeamCountry "HUN"]
[BlackTeamCountry "HUN"]

1. Nf3 Nf6 2. c4 d6 3. g3 c6 4. Bg2 Bg4 5. 0-0 Nbd7 6. Nc3 e5 7. d3 Be7 8. Rb1 0-0 9. b4 Qc8 10. Nd2 Rd8 11. b5 c5 12. a4 Nf8 13. Re1 Rb8 14. a5 h6 15. Nde4 N8h7 16. Nxf6+ Nxf6 17. Qb3 Bh3 18. Nd5 Nxd5 19. Bxd5 Be6 20. Bh1 Rf8 21. e3 Bf6 22. Bb2 Qd8 23. Bc3 Re8 24. Red1 Bf5 25. Bg2 Qe7 26. Rbc1 Bg4 27. Rd2 Rbc8 28. h3 Be6 29. Kh2 Red8 30. Qb2 Rb8 31. f4 exf4 32. exf4 Bxc3 33. Qxc3 Qc7 34. Rb2 Qc8 35. d4 cxd4 36. Qxd4 Qc5 37. Rd2 Qxd4 38. Rxd4 b6 39. axb6 Rxb6 40. Ra1 Rc8 41. Bc6 a6 42. Ra5 axb5 43. cxb5 d5 44. g4 g6 45. Rda4 Rbb8 46. Ra8 Kf8 47. R8a7 Rd8 48. Rd4 Rb6 49. Kg3 Rbb8 50. h4 h5 51. g5 Rb6 52. Kf2 Rc8 53. Rda4 d4 54. Rxd4 Rbxc6 55. bxc6 Rxc6 56. Rd8+ Kg7 57. Raa8 f6 1-0

[Event "Balatonlelle op 27th"]
[Site "Balatonlelle"]
[Date "2009.06.14"]
[Round "2"]
[White "Czebe, Attila"]
[Black "Felegyhazi, Laszlo"]
[Result "1-0"]
[WhiteElo "2472"]
[BlackElo "2288"]
[PlyCount "59"]
[EventDate "2009.06.13"]
[EventType "swiss"]
[EventRounds "9"]
[EventCountry "HUN"]
[SourceTitle "CBM 131 Extra"]
[Source "ChessBase"]
[SourceDate "2009.09.03"]
[SourceVersion "2"]
[SourceVersionDate "2009.09.16"]
[SourceQuality "1"]

1. e4 c5 2. Nf3 d6 3. d4 cxd4 4. Nxd4 Nf6 5. Nc3 g6 6. Be3 Bg7 7. f3 0-0 8. Qd2 Nc6 9. Bc4 Bd7 10. 0-0-0 Ne5 11. Bb3 Qa5 12. Kb1 Rfc8 13. g4 Nc4 14. Bxc4 Rxc4 15. Nb3 Qe5 16. Rhe1 Bxg4 17. Bf4 Qe6 18. fxg4 Nxg4 19. Qd5 Rac8 20. Re2 b6 21. Qxe6 fxe6 22. Bg5 Bxc3 23. bxc3 Rxc3 24. Bxe7 a5 25. Rxd6 a4 26. Nc1 b5 27. Nd3 Kf7 28. Bg5 h6 29. Bc1 g5 30. e5 1-0

[Event "HUN-chT2 Barcza 0809"]
[Site "Hungary"]
[Date "2009.04.05"]
[Round "10.2"]
[White "Felegyhazi, Laszlo"]
[Black "Kiss, Sandor1111"]
[Result "1-0"]
[WhiteElo "2288"]
[BlackElo "2125"]
[PlyCount "28"]
[EventDate "2008.10.26"]
[EventType "team-tourn"]
[EventRounds "11"]
[EventCountry "HUN"]
[SourceTitle "EXT 2010"]
[Source "ChessBase"]
[SourceDate "2010.11.25"]
[SourceVersion "1"]
[SourceVersionDate "2010.11.25"]
[SourceQuality "1"]
[WhiteTeam "DEAC"]
[BlackTeam "Tiszavasvar"]
[WhiteTeamCountry "HUN"]
[BlackTeamCountry "HUN"]

1. e4 d6 2. d4 Nf6 3. Nc3 g6 4. Bc4 Bg7 5. Qe2 e5 6. dxe5 dxe5 7. Bg5 c6 8. Rd1 Qc7 9. h3 0-0 10. Qf3 Nh5 11. Bd8 Qxd8 12. Rxd8 Rxd8 13. Qxf7+ Kh8 14. Nf3 Nd7 1-0

[Event "HUN-chT2 Barcza 0708"]
[Site "Hungary"]
[Date "2008.03.30"]
[Round "9"]
[White "Felegyhazi, Laszlo"]
[Black "Kiss, Sandor"]
[Result "1-0"]
[WhiteElo "2331"]
[BlackElo "2111"]
[PlyCount "45"]
[EventDate "2007.10.14"]
[EventType "team"]
[EventRounds "11"]
[EventCountry "HUN"]
[SourceTitle "EXT 2009"]
[Source "ChessBase"]
[SourceDate "2008.11.26"]
[SourceVersion "1"]
[SourceVersionDate "2008.11.26"]
[SourceQuality "1"]
[WhiteTeam "DEAC"]
[BlackTeam "Tiszavasvar"]
[WhiteTeamCountry "HUN"]
[BlackTeamCountry "HUN"]

1. Nf3 d5 2. g3 Nf6 3. Bg2 g6 4. c4 Bg7 5. 0-0 0-0 6. cxd5 Nxd5 7. Nc3 e5 8. Nxd5 Qxd5 9. d3 Nc6 10. Qa4 Qa5 11. Qxa5 Nxa5 12. Bd2 Nc6 13. Bc3 Nd4 14. Nxd4 exd4 15. Ba5 Bg4 16. Rfe1 Rfe8 17. Bxb7 Rab8 18. Bf3 Bxf3 19. exf3 Bf6 20. Rxe8+ Rxe8 21. Bxc7 Re2 22. Rb1 Rd2 23. Kf1 1-0

[Event "HUN-chT2 Barcza 0708"]
[Site "Hungary"]
[Date "2008.03.16"]
[Round "8"]
[White "Csolto, Robert"]
[Black "Felegyhazi, Laszlo"]
[Result "1-0"]
[WhiteElo "2318"]
[BlackElo "2331"]
[PlyCount "71"]
[EventDate "2007.10.14"]
[EventType "team"]
[EventRounds "11"]
[EventCountry "HUN"]
[SourceTitle "EXT 2009"]
[Source "ChessBase"]
[SourceDate "2008.11.26"]
[SourceVersion "1"]
[SourceVersionDate "2008.11.26"]
[SourceQuality "1"]
[WhiteTeam "Kazincbarcika II"]
[BlackTeam "DEAC"]
[WhiteTeamCountry "HUN"]
[BlackTeamCountry "HUN"]

1. e4 c5 2. Nf3 Nc6 3. d4 cxd4 4. Nxd4 g6 5. c4 Bg7 6. Be3 Nf6 7. Nc3 Ng4 8. Qxg4 Nxd4 9. Qd1 e5 10. Nb5 0-0 11. Qd2 Qe7 12. Be2 f5 13. exf5 Nxf5 14. 0-0 d6 15. Bxa7 Be6 16. Bb6 Rac8 17. b3 Rc6 18. Be3 Nxe3 19. fxe3 e4 20. Rxf8+ Bxf8 21. Rd1 h5 22. a4 Kh7 23. a5 Bf5 24. b4 Qg5 25. Nc3 Bg7 26. Nd5 Be5 27. b5 Rc8 28. Bf1 h4 29. Rb1 h3 30. a6 bxa6 31. bxa6 hxg2 32. Qxg2 Qd8 33. Rb7+ Kh6 34. a7 Qa5 35. h4 Qd8 36. Qg5+ 1-0

[Event "HUN-chT2 Barcza 0708"]
[Site "Hungary"]
[Date "2008.03.02"]
[Round "7"]
[White "Kelemen, Imre"]
[Black "Felegyhazi, Laszlo"]
[Result "1/2-1/2"]
[WhiteElo "2090"]
[BlackElo "2331"]
[PlyCount "173"]
[EventDate "2007.10.14"]
[EventType "team"]
[EventRounds "11"]
[EventCountry "HUN"]
[SourceTitle "EXT 2009"]
[Source "ChessBase"]
[SourceDate "2008.11.26"]
[SourceVersion "1"]
[SourceVersionDate "2008.11.26"]
[SourceQuality "1"]
[WhiteTeam "Lokomotiv"]
[BlackTeam "DEAC"]
[WhiteTeamCountry "HUN"]
[BlackTeamCountry "HUN"]

1. Nf3 d5 2. g3 Nf6 3. Bg2 c6 4. c4 Bf5 5. cxd5 cxd5 6. 0-0 Nc6 7. Qa4 Qd7 8. d3 e5 9. e4 dxe4 10. dxe4 Bg4 11. Nc3 Bxf3 12. Bxf3 Nd4 13. Qxd7+ Nxd7 14. Bd1 Nb6 15. Be3 Bc5 16. Na4 Nxa4 17. Bxa4+ Ke7 18. Bxd4 Bxd4 19. Rac1 Rac8 20. b4 Rhd8 21. Rfd1 g5 22. Kf1 h5 23. Ke2 h4 24. g4 h3 25. Rxc8 Rxc8 26. Rd3 Rc1 27. Rxh3 Rb1 28. Rb3 Ra1 29. Ra3 a5 30. Bb3 axb4 31. Ra4 Rb1 32. Rxb4 Rb2+ 33. Kd3 b6 34. Rc4 Rxf2 35. Rc7+ Kf8 36. Rc2 Rf3+ 37. Kc4 Rf4 38. Kd5 Rxg4 39. Ba4 Rf4 40. Bd7 Kg7 41. Bf5 Rf1 42. h3 Rd1 43. Kc4 Bc5 44. Kb5 Rb1+ 45. Kc4 Rb4+ 46. Kd3 Ra4 47. Kc3 Ra3+ 48. Kc4 Kf6 49. Rd2 Bd4 50. Rc2 Ra5 51. Kb3 Rb5+ 52. Kc4 Rb1 53. Kd3 b5 54. Rc6+ Kg7 55. Rc2 b4 56. Kc4 Kf6 57. Rg2 Bc3 58. a3 Be1 59. axb4 Rxb4+ 60. Kd3 Rb3+ 61. Ke2 Bc3 62. Rg1 Bd4 63. Rc1 Re3+ 64. Kd2 Rf3 65. Rc6+ Kg7 66. Ke2 Rf2+ 67. Ke1 Rh2 68. Kf1 Kf8 69. Rc7 Rb2 70. Rc8+ Kg7 71. Rc6 Be3 72. Rc3 Bb6 73. Rc6 Kf8 74. Rd6 Ke8 75. Ke1 Bc5 76. Rc6 Bf2+ 77. Kd1 Ke7 78. Rc7+ Kd6 79. Rd7+ Kc5 80. Rd5+ Kc4 81. Rd2 Rb1+ 82. Ke2 Bd4 83. Rc2+ Bc3 84. Ra2 Re1+ 85. Kf2 Rh1 86. Kg2 Rb1 87. Ra4+ 1/2-1/2

[Event "HUN-chT2 Maroczy 0607"]
[Site "Hungary"]
[Date "2006.12.17"]
[Round "4"]
[White "Tengely, Szabolcs"]
[Black "Felegyhazi, Laszlo"]
[Result "0-1"]
[WhiteElo "2201"]
[BlackElo "2340"]
[PlyCount "67"]
[EventDate "2006.11.12"]
[EventType "team"]
[EventRounds "11"]
[EventCountry "HUN"]
[SourceTitle "EXT 2008"]
[Source "ChessBase"]
[SourceDate "2007.11.25"]
[SourceVersion "1"]
[SourceVersionDate "2007.11.25"]
[SourceQuality "1"]
[WhiteTeam "DEAC"]
[BlackTeam "Teva"]
[WhiteTeamCountry "HUN"]
[BlackTeamCountry "HUN"]

1. e4 c5 2. Nf3 Nc6 3. Bb5 g6 4. 0-0 Bg7 5. Re1 e5 6. b4 cxb4 7. a3 Nge7 8. axb4 0-0 9. Bxc6 Nxc6 10. b5 Nd4 11. Nc3 d6 12. h3 Be6 13. Rb1 Re8 14. d3 Rc8 15. Bb2 Nxf3+ 16. Qxf3 Qa5 17. Nd5 Bxd5 18. exd5 Rxc2 19. Ba1 Qa2 20. Rbc1 Rxc1 21. Rxc1 e4 22. Qd1 Qxd5 23. Bxg7 Kxg7 24. dxe4 Qxd1+ 25. Rxd1 Rxe4 26. Rxd6 Rb4 27. Rd5 Kf6 28. f4 Ke6 29. Re5+ Kd6 30. g3 f6 31. Re8 Rxb5 32. Rh8 a5 33. Rxh7 a4 34. Rxb7 0-1

[Event "HUN-chT2 Maroczy 0607"]
[Site "Hungary"]
[Date "2006.12.03"]
[Round "3"]
[White "Felegyhazi, Laszlo"]
[Black "Csolto, Tibor Jr"]
[Result "1/2-1/2"]
[WhiteElo "2340"]
[BlackElo "2159"]
[PlyCount "169"]
[EventDate "2006.11.12"]
[EventType "team"]
[EventRounds "11"]
[EventCountry "HUN"]
[SourceTitle "EXT 2008"]
[Source "ChessBase"]
[SourceDate "2007.11.25"]
[SourceVersion "1"]
[SourceVersionDate "2007.11.25"]
[SourceQuality "1"]
[WhiteTeam "Teva"]
[BlackTeam "Kazincbarcika"]
[WhiteTeamCountry "HUN"]
[BlackTeamCountry "HUN"]

1. Nf3 Nf6 2. c4 g6 3. Nc3 Bg7 4. g3 0-0 5. Bg2 d6 6. 0-0 e5 7. d3 Nh5 8. Bd2 f5 9. Qc1 f4 10. b4 g5 11. b5 g4 12. Ne1 Nd7 13. Rb1 Nc5 14. Ne4 Ne6 15. Bc3 Nf6 16. Qa3 Nxe4 17. dxe4 b6 18. Bd2 Bh6 19. Rd1 Qf6 20. Qd3 Nc5 21. Qc2 Bb7 22. Bb4 fxg3 23. hxg3 Ne6 24. Bd2 Bxd2 25. Qxd2 Qg6 26. Qe3 Rf6 27. Nd3 Raf8 28. Nb4 Qh5 29. Nd5 Bxd5 30. Rxd5 Ng5 31. Rd3 Rh6 32. f3 Ne6 33. Kf2 Rhf6 34. Rh1 Qg6 35. Rh4 Kh8 36. Rd1 Ng5 37. Rxg4 h6 38. Rh1 Kg7 39. Ke1 Qf7 40. Qd3 Rg6 41. Qd5 Ne6 42. Rhh4 Qf6 43. Rxg6+ Kxg6 44. Bh3 Nd4 45. Bf5+ Nxf5 46. exf5+ Qxf5 47. Qd2 h5 48. g4 hxg4 49. Qh6+ Kf7 50. Rxg4 Ke7 51. Rg7+ Rf7 52. Qh4+ Ke6 53. Rg8 Qf6 54. Qe4 Qf4 55. Re8+ Kf6 56. Qxf4+ exf4 57. Kd2 d5 58. Kd3 dxc4+ 59. Kxc4 Rd7 60. Re4 Kf5 61. a4 Rd1 62. Re7 Kf6 63. Re8 Re1 64. Kb3 Rb1+ 65. Ka2 Re1 66. Re4 Kf5 67. Kb2 Rd1 68. Re7 Re1 69. Kc2 Ra1 70. Re4 Ra2+ 71. Kc3 Ra1 72. Kc2 Ra2+ 73. Kd3 Ra3+ 74. Kd2 Ra2+ 75. Ke1 Rc2 76. Kd1 Rc5 77. Kd2 c6 78. bxc6 Rxc6 79. Kd3 Rc5 80. Rb4 Ke5 81. Rb5 Kd5 82. Rb4 Ke5 83. Re4+ Kf5 84. Rc4 Ra5 85. Re4 1/2-1/2

[Event "HUN-chT2 Maroczy 0607"]
[Site "Hungary"]
[Date "2006.11.12"]
[Round "1"]
[White "Igaz, Ervin"]
[Black "Felegyhazi, Laszlo"]
[Result "0-1"]
[WhiteElo "2109"]
[BlackElo "2340"]
[PlyCount "70"]
[EventDate "2006.11.12"]
[EventType "team"]
[EventRounds "11"]
[EventCountry "HUN"]
[SourceTitle "EXT 2008"]
[Source "ChessBase"]
[SourceDate "2007.11.25"]
[SourceVersion "1"]
[SourceVersionDate "2007.11.25"]
[SourceQuality "1"]
[WhiteTeam "Koeszolg"]
[BlackTeam "Teva"]
[WhiteTeamCountry "HUN"]
[BlackTeamCountry "HUN"]

1. e4 c5 2. f4 d6 3. Nf3 Nc6 4. g3 g6 5. Bg2 Bg7 6. 0-0 e6 7. c3 Nge7 8. Qe2 0-0 9. Na3 Rb8 10. Kh1 a6 11. Rg1 b5 12. g4 f5 13. exf5 exf5 14. g5 Re8 15. Qf2 Be6 16. Nc2 Bd5 17. Ne3 Bf7 18. h4 Qc7 19. h5 d5 20. hxg6 hxg6 21. Nc2 d4 22. cxd4 cxd4 23. d3 Nd5 24. Nh4 Ncb4 25. Nxb4 Nxb4 26. Qg3 Qc2 27. Bf3 Nxd3 28. Rg2 Re1+ 29. Kh2 Qc7 30. Nxg6 Bxg6 31. Bd5+ Bf7 32. Bxf7+ Qxf7 33. Qxd3 Qh5+ 34. Kg3 Rbe8 35. Kf2 R8e2+ 0-1

[Event "Balatonlelle op"]
[Site "Balatonlelle"]
[Date "2006.06.18"]
[Round "2"]
[White "Farago, Ivan"]
[Black "Felegyhazi, Laszlo"]
[Result "1-0"]
[WhiteElo "2534"]
[BlackElo "2282"]
[PlyCount "111"]
[EventDate "2006.06.17"]
[EventType "swiss"]
[EventRounds "9"]
[EventCountry "HUN"]
[SourceTitle "CBM 112 Extra"]
[Source "ChessBase"]
[SourceDate "2006.07.14"]
[SourceVersion "1"]
[SourceVersionDate "2006.07.14"]
[SourceQuality "1"]

1. d4 Nf6 2. c4 e5 3. dxe5 Ng4 4. Nf3 Bc5 5. e3 Nc6 6. Nc3 Ngxe5 7. Be2 0-0 8. 0-0 Nxf3+ 9. Bxf3 Bd6 10. b3 Be5 11. Bb2 d6 12. Qd2 Be6 13. Rad1 a5 14. Qc1 a4 15. Nxa4 Bxb2 16. Nxb2 Rxa2 17. Na4 Ne5 18. Bd5 Bxd5 19. cxd5 Qg5 20. Nc3 Nf3+ 21. Kh1 Nh4 22. Rg1 Ra6 23. Qc2 Nf5 24. Nb5 Ra5 25. Qe2 c6 26. Nc3 cxd5 27. b4 Raa8 28. Nxd5 Rae8 29. Qd3 Re6 30. h3 Kh8 31. Nf4 Rh6 32. Qd5 Qg4 33. Rgf1 Ne7 34. Qxb7 Ng6 35. Nxg6+ Qxg6 36. b5 Qe6 37. Rd4 g5 38. Kg1 f5 39. Qd5 Qe7 40. g3 f4 41. Re4 Qd7 42. g4 Rxh3 43. Qxg5 Qb7 44. Qe7 Qc8 45. Qe6 Qd8 46. Rxf4 Rxf4 47. exf4 Qh4 48. Kg2 Rh2+ 49. Kf3 Qh3+ 50. Ke2 Qc3 51. Qxd6 Qc2+ 52. Kf3 Qc3+ 53. Ke4 Kg8 54. Rd1 Qc2+ 55. Qd3 Qa4+ 56. Kf5 1-0

[Event "HUN-chT2 Maroczy 0506"]
[Site "Hungary"]
[Date "2006.01.22"]
[Round "6"]
[White "Felegyhazi, Laszlo"]
[Black "Barva, Attila"]
[Result "0-1"]
[WhiteElo "2277"]
[BlackElo "2376"]
[PlyCount "88"]
[EventDate "2005.10.16"]
[EventType "team"]
[EventRounds "11"]
[EventCountry "HUN"]
[SourceTitle "EXT 2009"]
[Source "ChessBase"]
[SourceDate "2008.11.26"]
[SourceVersion "1"]
[SourceVersionDate "2008.11.26"]
[SourceQuality "1"]
[WhiteTeam "Teva"]
[BlackTeam "Edeleny"]
[WhiteTeamCountry "HUN"]
[BlackTeamCountry "HUN"]

1. e4 e6 2. d3 d5 3. Nd2 Nf6 4. Qe2 Be7 5. e5 Nfd7 6. Ngf3 c5 7. h4 Nc6 8. c3 Qc7 9. d4 cxd4 10. cxd4 Nb4 11. Rb1 b6 12. Qb5 Qc2 13. a3 Ba6 14. Qxa6 Nxa6 15. Bxa6 Rb8 16. Be2 Rc8 17. 0-0 0-0 18. b4 Rc3 19. Bb5 Rc7 20. Bb2 Qf5 21. Rbc1 Rc2 22. Ba1 Nb8 23. Ba4 Rcc8 24. Bc3 Rc7 25. Bc2 Qh5 26. Bd3 Rfc8 27. Bb2 Bxh4 28. Rxc7 Rxc7 29. g3 Bg5 30. Kg2 Bxd2 31. Nxd2 Qg5 32. f4 Qd8 33. f5 exf5 34. Rxf5 Nd7 35. Nf3 Nf8 36. Rh5 Qc8 37. Rh2 h6 38. Nh4 g6 39. Nf3 Ne6 40. Kf2 Rc3 41. Ke3 Rxd3+ 42. Kxd3 Qc4+ 43. Kd2 Qb3 44. Bc3 Ng5 0-1

[Event "HUN-chT2 Maroczy 0506"]
[Site "Hungary"]
[Date "2005.10.30"]
[Round "2"]
[White "Felegyhazi, Laszlo"]
[Black "Torok, Sandor"]
[Result "1-0"]
[WhiteElo "2277"]
[BlackElo "2326"]
[PlyCount "101"]
[EventDate "2005.10.16"]
[EventType "team"]
[EventRounds "11"]
[EventCountry "HUN"]
[SourceTitle "EXT 2009"]
[Source "ChessBase"]
[SourceDate "2008.11.26"]
[SourceVersion "1"]
[SourceVersionDate "2008.11.26"]
[SourceQuality "1"]
[WhiteTeam "Teva"]
[BlackTeam "Vasas"]
[WhiteTeamCountry "HUN"]
[BlackTeamCountry "HUN"]

1. e4 c5 2. Nf3 d6 3. c3 Nf6 4. Be2 Nbd7 5. d3 e6 6. 0-0 Be7 7. Re1 b6 8. a4 a6 9. Bf1 Bb7 10. Nbd2 d5 11. e5 Ng8 12. d4 c4 13. g3 Bf8 14. Bg2 Ne7 15. Nf1 Nc6 16. Ne3 Na5 17. Nd2 b5 18. axb5 axb5 19. f4 g6 20. g4 Bh6 21. Rf1 0-0 22. g5 Bg7 23. Ng4 Re8 24. h4 b4 25. h5 Nc6 26. Rxa8 Qxa8 27. Nf6+ Nxf6 28. gxf6 Bf8 29. Qg4 bxc3 30. bxc3 Qa5 31. Qh3 Qa1 32. Kh2 Nxd4 33. hxg6 hxg6 34. cxd4 Qxd4 35. Nf3 Qd3 36. Kg3 Qf5 37. Qh4 Qh5 38. Qxh5 gxh5 39. Rh1 Rd8 40. Be3 Ra8 41. Bd4 Rc8 42. Rc1 Bc6 43. Ng5 Bb4 44. Bf3 Bd2 45. Rc2 Be1+ 46. Kh3 Ba4 47. Rg2 c3 48. Nxe6+ Kh8 49. Ng5 Bd7+ 50. e6 fxe6 51. Nf7+ 1-0

[Event "Nyiregyhaza op"]
[Site "Nyiregyhaza"]
[Date "2005.07.14"]
[Round "6"]
[White "Felegyhazi, Laszlo"]
[Black "Radics, Laszlo"]
[Result "0-1"]
[WhiteElo "2300"]
[BlackElo "2173"]
[PlyCount "82"]
[EventDate "2005.07.09"]
[EventType "swiss"]
[EventRounds "9"]
[EventCountry "HUN"]
[SourceTitle "EXT 2008"]
[Source "ChessBase"]
[SourceDate "2007.11.25"]
[SourceVersion "1"]
[SourceVersionDate "2007.11.25"]
[SourceQuality "1"]

1. e4 e5 2. Nf3 Nc6 3. Bc4 Nf6 4. Nc3 Nxe4 5. Nxe4 d5 6. Bd3 dxe4 7. Bxe4 Bd7 8. Qe2 Qe7 9. 0-0 f6 10. c3 0-0-0 11. b4 Qd6 12. a4 g5 13. a5 g4 14. Nh4 Ne7 15. a6 b6 16. b5 f5 17. Bb7+ Kb8 18. d4 Bg7 19. g3 Ng6 20. Ng2 exd4 21. cxd4 Bxd4 22. Rb1 Rde8 23. Qc2 Qc5 24. Qa4 Re2 25. Be3 Bxe3 26. Nxe3 f4 27. Nd5 fxg3 28. hxg3 Ne5 29. Rbc1 Nf3+ 30. Kg2 Rxf2+ 31. Rxf2 Qxc1 32. Rf1 Qh6 33. Rxf3 gxf3+ 34. Kxf3 Qh1+ 35. Kf2 Qh2+ 36. Kf3 Rf8+ 37. Nf4 Qh5+ 38. Kf2 Qxb5 39. Qe4 Qc5+ 40. Kg2 Re8 41. Qf3 Qc2+ 0-1

[Event "Nyiregyhaza op"]
[Site "Nyiregyhaza"]
[Date "2005.07.12"]
[Round "4"]
[White "Felegyhazi, Laszlo"]
[Black "Fekete, Istvan1111"]
[Result "1-0"]
[WhiteElo "2300"]
[BlackElo "2093"]
[PlyCount "157"]
[EventDate "2005.07.09"]
[EventType "swiss"]
[EventRounds "9"]
[EventCountry "HUN"]
[SourceTitle "EXT 2008"]
[Source "ChessBase"]
[SourceDate "2007.11.25"]
[SourceVersion "1"]
[SourceVersionDate "2007.11.25"]
[SourceQuality "1"]

1. Nf3 Nf6 2. d4 d5 3. Bg5 e6 4. e3 Be7 5. Nbd2 h6 6. Bh4 0-0 7. Bd3 Nbd7 8. c3 c5 9. 0-0 b6 10. h3 Bb7 11. Bg3 Ne4 12. Bh2 f5 13. Ne5 Nxe5 14. Bxe5 Nxd2 15. Qxd2 Bd6 16. Bxd6 Qxd6 17. f4 Qe7 18. Qf2 Bc6 19. Kh2 Kh8 20. Rg1 Rg8 21. g4 g6 22. Rg2 Rg7 23. Rag1 Rag8 24. Rg3 Be8 25. R1g2 c4 26. Bc2 b5 27. Qg1 a5 28. a3 Kh7 29. Kh1 h5 30. Bd1 Kh8 31. gxh5 gxh5 32. Rg5 Rxg5 33. fxg5 Bg6 34. Qh2 Kh7 35. Qf4 Kg7 36. Qe5+ Kh7 37. Bf3 Re8 38. Kh2 Kg8 39. Kg3 Kf7 40. Kh4 Kg8 41. Qf6 Qf7 42. Qxf7+ Kxf7 43. Kg3 Ke7 44. Kf4 Kd6 45. Rg1 a4 46. Be2 Rh8 47. Kf3 Re8 48. Kf2 Rf8 49. Ke1 Rh8 50. Rf1 Re8 51. Rf4 Rh8 52. Rh4 Rh7 53. Kf2 Rh8 54. Kg3 Rh7 55. Kf4 Rh8 56. Bxh5 Ke7 57. Bxg6 Rxh4+ 58. Kg3 Re4 59. Kf3 Rh4 60. Kg3 Re4 61. Bh5 Rxe3+ 62. Bf3 Re1 63. h4 Kf7 64. h5 Kg7 65. h6+ Kh7 66. Kh4 Rf1 67. Kg3 Kg6 68. Bh5+ Kh7 69. Kg2 Rb1 70. Bf7 Rxb2+ 71. Kg3 Rb3 72. Bxe6 Rxc3+ 73. Kf4 Rc1 74. Bxf5+ Kh8 75. g6 Rf1+ 76. Ke5 Rxf5+ 77. Kxf5 c3 78. Kf6 c2 79. Kf7 1-0

[Event "HUN-chT2 Maroczy 0405"]
[Site "Hungary"]
[Date "2005.02.06"]
[Round "7"]
[White "Felegyhazi, Laszlo"]
[Black "Tolnai, Tibor"]
[Result "1/2-1/2"]
[WhiteElo "2329"]
[BlackElo "2441"]
[PlyCount "65"]
[EventDate "2004.09.26"]
[EventType "team"]
[EventRounds "11"]
[EventCountry "HUN"]
[SourceTitle "EXT 2008"]
[Source "ChessBase"]
[SourceDate "2007.11.25"]
[SourceVersion "1"]
[SourceVersionDate "2007.11.25"]
[SourceQuality "1"]
[WhiteTeam "Matra"]
[BlackTeam "Lang"]
[WhiteTeamCountry "HUN"]
[BlackTeamCountry "HUN"]

1. e4 c5 2. Nf3 Nc6 3. d4 cxd4 4. Nxd4 Qb6 5. Nb3 Nf6 6. Nc3 e6 7. Be3 Qc7 8. Qd2 Bb4 9. f3 d5 10. a3 Bxc3 11. Qxc3 dxe4 12. fxe4 0-0 13. Bd3 b6 14. 0-0-0 Ng4 15. Bg1 Bb7 16. h3 Nge5 17. Be2 Ng6 18. Bh2 e5 19. Bc4 Nd8 20. Qd3 Rc8 21. Bd5 Ne6 22. Bxe6 fxe6 23. Nd2 Rf2 24. Rhg1 Nf4 25. Bxf4 exf4 26. c3 h6 27. Nf3 Qc5 28. Qd4 Re2 29. Rde1 Qb5 30. Rxe2 Qxe2 31. Re1 Qc4 32. Qd7 Qc6 33. Qd4 1/2-1/2

[Event "HUN-chT2 Maroczy 0405"]
[Site "Hungary"]
[Date "2004.12.19"]
[Round "5"]
[White "Felegyhazi, Laszlo"]
[Black "Hera, Imre Jr"]
[Result "0-1"]
[WhiteElo "2329"]
[BlackElo "2332"]
[PlyCount "68"]
[EventDate "2004.09.26"]
[EventType "team"]
[EventRounds "11"]
[EventCountry "HUN"]
[SourceTitle "EXT 2008"]
[Source "ChessBase"]
[SourceDate "2007.11.25"]
[SourceVersion "1"]
[SourceVersionDate "2007.11.25"]
[SourceQuality "1"]
[WhiteTeam "Matra"]
[BlackTeam "Penzugyor"]
[WhiteTeamCountry "HUN"]
[BlackTeamCountry "HUN"]

1. e4 c6 2. d4 d5 3. Nc3 dxe4 4. Nxe4 Nd7 5. Nf3 Ngf6 6. Neg5 e6 7. Bc4 h6 8. Nh3 Bd6 9. Bf4 Qc7 10. Bxd6 Qxd6 11. c3 0-0 12. Qe2 b5 13. Bd3 b4 14. 0-0 bxc3 15. bxc3 c5 16. Rfd1 Bb7 17. Ne5 cxd4 18. cxd4 Nd5 19. Rac1 Rac8 20. Nc4 Qc6 21. f3 Ba6 22. a3 Qa4 23. Kh1 Bxc4 24. Bxc4 Qxa3 25. Ra1 Qe3 26. Qf1 Nb4 27. Rxa7 Nb6 28. Rb7 Rxc4 29. Rxb6 Rxd4 30. Rb1 Rc8 31. Nf2 Rdc4 32. R6xb4 Rxb4 33. Rxb4 Rc1 34. Nd1 Qd2 0-1

[Event "HUN-chT2 Maroczy 0405"]
[Site "Hungary"]
[Date "2004.12.05"]
[Round "4"]
[White "Bednay, Dezso"]
[Black "Felegyhazi, Laszlo"]
[Result "1-0"]
[WhiteElo "2201"]
[BlackElo "2329"]
[PlyCount "193"]
[EventDate "2004.09.26"]
[EventType "team"]
[EventRounds "11"]
[EventCountry "HUN"]
[SourceTitle "EXT 2008"]
[Source "ChessBase"]
[SourceDate "2007.11.25"]
[SourceVersion "1"]
[SourceVersionDate "2007.11.25"]
[SourceQuality "1"]
[WhiteTeam "Vizugy"]
[BlackTeam "Matra"]
[WhiteTeamCountry "HUN"]
[BlackTeamCountry "HUN"]

1. e4 c5 2. Nf3 Nc6 3. d4 cxd4 4. Nxd4 g6 5. c4 Bg7 6. Be3 Nf6 7. Nc3 Ng4 8. Qxg4 Nxd4 9. Qd1 Ne6 10. Qd2 0-0 11. Be2 d6 12. 0-0 Qa5 13. Rac1 f5 14. exf5 Qxf5 15. Nd5 Rf7 16. f4 Nc5 17. Bf3 Qd3 18. Rfd1 Qxd2 19. Rxd2 Ne6 20. g3 Bd7 21. Bf2 Nd8 22. Re1 Bf8 23. c5 e6 24. Nc7 Rc8 25. cxd6 b6 26. Rc1 g5 27. Be3 gxf4 28. gxf4 Rg7+ 29. Kf2 Nf7 30. Bb7 Rb8 31. Bc6 Nxd6 32. Kf3 Bxc6+ 33. Rxc6 Rc8 34. Rdc2 Rg6 35. Bd4 Nf5 36. Be5 Bg7 37. Ke4 Ne7 38. R6c3 Bxe5 39. Kxe5 Rd8 40. Rg3 Kf7 41. Rxg6 Nxg6+ 42. Ke4 Rd1 43. Nb5 Re1+ 44. Kf3 a6 45. Nd6+ Kf8 46. Rc6 Rf1+ 47. Kg3 Rg1+ 48. Kf2 Rh1 49. Rxb6 Rxh2+ 50. Kg3 Rd2 51. Ne4 Rc2 52. Ng5 a5 53. Nxe6+ Kg8 54. Rb8+ Kf7 55. Ng5+ Ke7 56. Nxh7 Rc4 57. Rb7+ Ke8 58. Nf6+ Kf8 59. Nd7+ Ke8 60. Ne5 Nxe5 61. fxe5 Re4 62. Rb5 Ra4 63. a3 Kd7 64. Kf3 Kc6 65. Rb3 Rh4 66. Re3 Kd7 67. b3 Ke6 68. Ke2 Rd4 69. Rd3 Rh4 70. Kd2 Kxe5 71. Kc3 Rg4 72. b4 axb4+ 73. axb4 Rh4 74. Kb3 Rh8 75. Rd7 Ke6 76. Rd4 Rb8 77. Kc4 Rc8+ 78. Kb5 Ke5 79. Rd7 Ke6 80. Rd4 Ke5 81. Rc4 Rb8+ 82. Ka6 Kd5 83. Rh4 Ra8+ 84. Kb7 Ra4 85. Rh5+ Kd6 86. b5 Ra1 87. b6 Rb1 88. Rh6+ Kd7 89. Kb8 Rb2 90. b7 Ra2 91. Rh7+ Kd8 92. Rh4 Ra1 93. Rd4+ Ke7 94. Kc7 Rc1+ 95. Kb6 Rb1+ 96. Kc6 Ke6 97. Re4+ 1-0